MARC details
| 000 -LEADER |
| fixed length control field |
01760cam a22004578i 4500 |
| 001 - CONTROL NUMBER |
| control field |
BK0028465325 |
| 003 - CONTROL NUMBER IDENTIFIER |
| control field |
DLC |
| 005 - DATE AND TIME OF LATEST TRANSACTION |
| control field |
20220719121211.0 |
| 008 - FIXED-LENGTH DATA ELEMENTS--GENERAL INFORMATION |
| fixed length control field |
211025t20222022nyu d 000 1 eng |
| 020 ## - INTERNATIONAL STANDARD BOOK NUMBER |
| International Standard Book Number |
9781338758962 |
| Terms of availability |
18.99 |
| 020 ## - INTERNATIONAL STANDARD BOOK NUMBER |
| International Standard Book Number |
1338758969 |
| Terms of availability |
18.99 |
| 040 ## - CATALOGING SOURCE |
| Description conventions |
rda |
| 092 ## - LOCALLY ASSIGNED DEWEY CALL NUMBER (OCLC) |
| Classification number |
young adult fiction |
| Item number |
Isabelle |
| 100 1# - MAIN ENTRY--PERSONAL NAME |
| Personal name |
Isabelle, S., |
| Relator term |
author. |
| 9 (RLIN) |
6451888 |
| 245 14 - TITLE STATEMENT |
| Title |
The witchery / |
| Statement of responsibility, etc |
S. Isabelle. |
| 250 ## - EDITION STATEMENT |
| Edition statement |
First edition. |
| 263 ## - PROJECTED PUBLICATION DATE |
| Projected publication date |
2207 |
| 264 #1 - Production, Publication, Distribution, Manufacture, and Copyright Notice. |
| Place of production, publication, distribution, manufacture |
New York : |
| Name of producer, publisher, distributor, manufacturer |
Scholastic Press, |
| Date of production, publication, distribution, manufacture, or copyr |
2022. |
| 264 #4 - Production, Publication, Distribution, Manufacture, and Copyright Notice. |
| Date of production, publication, distribution, manufacture, or copyr |
A2022 |
| 336 ## - Content Type |
| Content type term |
text |
| 337 ## - Media type |
| Media type term |
unmediated |
| 338 ## - Carrier type |
| Carrier type term |
volume |
| 520 ## - SUMMARY, ETC. |
| Summary, etc |
Logan came to Mesmortes Coven Academy in Haelsford, Florida, to learn to control her powers, but she soon learns she has a role to play in the ancient curse of the hellmouth--whatever the cost to herself and her new friends. |
| 521 1# - TARGET AUDIENCE NOTE |
| Target audience note |
Ages 14 and up. |
| Source |
Scholastic Inc. |
| 521 2# - TARGET AUDIENCE NOTE |
| Target audience note |
Grades 10-12. |
| Source |
Scholastic Inc. |
| 650 #0 - SUBJECT ADDED ENTRY--TOPICAL TERM |
| Topical term or geographic name as entry element |
Witches |
| Form subdivision |
Juvenile fiction |
| 9 (RLIN) |
5673737 |
| 650 #0 - SUBJECT ADDED ENTRY--TOPICAL TERM |
| Topical term or geographic name as entry element |
Magic |
| Form subdivision |
Juvenile fiction |
| 9 (RLIN) |
5673690 |
| 650 #0 - SUBJECT ADDED ENTRY--TOPICAL TERM |
| Topical term or geographic name as entry element |
Blessing and cursing |
| Form subdivision |
Juvenile fiction. |
| 9 (RLIN) |
5675729 |
| 650 #0 - SUBJECT ADDED ENTRY--TOPICAL TERM |
| Topical term or geographic name as entry element |
Sacrifice |
| Form subdivision |
Juvenile fiction. |
| 9 (RLIN) |
6372849 |
| 650 #0 - SUBJECT ADDED ENTRY--TOPICAL TERM |
| Topical term or geographic name as entry element |
Schools |
| Form subdivision |
Juvenile fiction |
| 650 #0 - SUBJECT ADDED ENTRY--TOPICAL TERM |
| Topical term or geographic name as entry element |
Friendship |
| Form subdivision |
Juvenile fiction |
| 9 (RLIN) |
5673647 |
| 650 #1 - SUBJECT ADDED ENTRY--TOPICAL TERM |
| Topical term or geographic name as entry element |
Witches |
| Form subdivision |
Fiction. |
| 9 (RLIN) |
5673734 |
| 650 #1 - SUBJECT ADDED ENTRY--TOPICAL TERM |
| Topical term or geographic name as entry element |
Magic |
| Form subdivision |
Fiction. |
| 9 (RLIN) |
5673694 |
| 650 #1 - SUBJECT ADDED ENTRY--TOPICAL TERM |
| Topical term or geographic name as entry element |
Blessing and cursing |
| Form subdivision |
Fiction. |
| 9 (RLIN) |
5675732 |
| 650 #1 - SUBJECT ADDED ENTRY--TOPICAL TERM |
| Topical term or geographic name as entry element |
Sacrifice |
| Form subdivision |
Fiction. |
| 9 (RLIN) |
6370798 |
| 650 #1 - SUBJECT ADDED ENTRY--TOPICAL TERM |
| Topical term or geographic name as entry element |
Schools |
| Form subdivision |
Fiction |
| 9 (RLIN) |
5673727 |
| 650 #1 - SUBJECT ADDED ENTRY--TOPICAL TERM |
| Topical term or geographic name as entry element |
Friendship |
| Form subdivision |
Fiction. |
| 9 (RLIN) |
5673769 |
| 776 08 - ADDITIONAL PHYSICAL FORM ENTRY |
| Display text |
Online version: |
| 776 08 - ADDITIONAL PHYSICAL FORM ENTRY |
| Main entry heading |
Isabelle, S. |
| Title |
Witchery. |
| Edition |
First edition |
| Place, publisher, and date of publication |
New York : Scholastic Press, 2022 |
| International Standard Book Number |
9781338758979 |
| Record control number |
(DLC) 2021050873 |
| 942 ## - ADDED ENTRY ELEMENTS (KOHA) |
| Source of classification or shelving scheme |
Dewey Decimal Classification |
| Koha item type |
BOOK |